Bandung: Journal of the Global South.

محفوظ في:

التنسيق: دورية

اللغة: Undetermined

الموضوعات:

الوصول للمادة أونلاين: Login to view Source

الوسوم: إضافة وسم

لا توجد وسوم, كن أول من يضع وسما على هذه التسجيلة!

رقم الطلب:

LEADER 00533nms a2200181Ia 4500
005 20240402051031.0
008 240131s9999||||xx |||||||||||||||||und||
999 |c 56344  |d 56344 
022 |a 2198-3534 
022 |a 2590-0013 
245 0 0 |a Bandung: Journal of the Global South. 
336 |2 rdacontent  |a text  |b txt 
337 |2 rdamedia  |a unmediated  |b n 
338 |2 rdacarrier  |a volume  |b n 
500 |a BRILLBRILLJ 
650 4 |a Society & culture: general. 
856 |z BJGS  |u https://brill.com/view/journals/bjgs/bjgs-overview.xml 
942 |2 lcc  |c EJL